00806nam a2200217 a 45000010005000000030008000050050017000130080041000300200023000710350019000940400039001130410008001520820024001602450175001842600034003593000044003935000020004375050074004576500024005317000033005557545BD-RjUL20211208234433.0050414s2005 enka 001 0 eng  a1845370546 (cased) a(BD-RjUL) 7589 aStDuBDSbengcStDuBDSdUkdBD-RjUL aeng04a741.2223bHOW 200500aHow to draw :ba complete step-by-step guide for beginners covering still life, landscapes, figure drawing, the female nude and human anatomy /cIan Sidaway ... [et al.]. aLondon :bNew Holland,c2005. a352 p. :bill. (chiefly col.) ;c28 cm. aIncludes index.0 aDrawing - Human anatomy - Figure drawing - The female nude - Pastels. 0aDrawingxTechnique. aSidaway, Ian , ... [et al.].